Harmonic analysis : real-variable methods, orthogonality, and oscillatory integrals /
Guardado en:
| Autor Principal: | |
|---|---|
| Otros Autores: | |
| Formato: | Libro |
| Idioma: | English |
| Publicado: |
Princeton, N.J. :
Princeton University Press,
1993.
|
| Series: | Monographs in harmonic analysis ;
III Princeton mathematical series ; 43 |
| Etiquetas: |
Agregar Etiqueta
Sin Etiquetas, Sea el primero en etiquetar este registro!
|
| LEADER | 00876nam a22002175a 4500 | ||
|---|---|---|---|
| 001 | MAT.inmabb000237 | ||
| 008 | 921124s1993####njua#####b####001#0#eng## | ||
| 005 | 20130323165822.0 | ||
| 245 | 1 | 0 | |a Harmonic analysis : |b real-variable methods, orthogonality, and oscillatory integrals / |c Elias M. Stein ; with the assistance of Timothy S. Murphy. |
| 260 | |a Princeton, N.J. : |b Princeton University Press, |c 1993. | ||
| 300 | |a xiii, 695 p. ; |c 25 cm. | ||
| 440 | 0 | |a Monographs in harmonic analysis ; |v III | |
| 440 | 0 | |a Princeton mathematical series ; |v 43 | |
| 500 | |a Series statement from jacket. | ||
| 504 | |a Includes bibliographical references (p. 645-678) and indexes. | ||
| 510 | 4 | |a MR, |c 95c:42002 | |
| 020 | |a 0691032165 | ||
| 100 | 1 | |a Stein, Elias M., |d 1931- | |
| 700 | 1 | |a Murphy, Timothy S. | |
| 084 | |a 42-02 (35Sxx 43-02 47G30) |2 msc2000 | ||
| 859 | |h 42 |i St819h |p A-7966 |b BIB. MATEMATICA | ||
